Moxie, the American challenge /

Bibliographic Details
Main Author: Weld, Philip S.
Format: Book
Language:English
Published: Boston : Little, Brown, [1981]
Edition:1st ed.
Subjects:

MARC

Tag First Indicator Second Indicator Subfields
LEADER 00000pam a2200000 a 4500
001 in00000079047
005 20210629132605.0
008 810903s1981 maua 00010 eng
010 |a  81015566  
020 |a 0316929298 :  |c $14.95 
035 |a (OCoLC)07814436 
035 |9 AAJ2832AM 
040 |a DLC  |c DLC  |d TXA  |d UtOrBLW 
049 |a TXAM  |c [933094] 
050 0 0 |a GV822.M64  |b W44 
082 0 |a 797.1/24/0924  |a B  |2 19 
100 1 |a Weld, Philip S. 
245 1 0 |a Moxie, the American challenge /  |c by Philip S. Weld ; foreword by William F. Buckley, Jr. 
250 |a 1st ed. 
264 1 |a Boston :  |b Little, Brown,  |c [1981] 
264 4 |c ©1981 
300 |a x, 245 pages :  |b illustrations ;  |c 25 cm. 
336 |a text  |b txt  |2 rdacontent 
337 |a unmediated  |b n  |2 rdamedia 
338 |a volume  |b nc  |2 rdacarrier 
500 |a "An Atlantic Monthly Press book." 
500 |a The Cushing Library/Basbanes Collection copy is part of the Nicholas A. Basbanes Collection of Inscribed Books. 
610 2 0 |a Moxie (Sailing yacht) 
611 2 0 |a Observer Single-handed Trans-Atlantic Race. 
948 |a cataloged  |b h  |c 2021/06/29  |d c  |e awday 
999 |a MARS 
999 f f |s 2bf80e7a-3465-305c-866a-1f54e3360d3c  |i 5ea01ffe-39c2-3621-ac66-9f013f2e7502  |t 0 
952 f f |p ric  |a Texas A&M University  |b Rellis Campus  |c Joint Library Facility  |d Remote Storage  |t 0  |e GV822.M64 W44  |h Library of Congress classification  |i unmediated -- volume  |m A14806116474 
952 f f |p noncirc  |a Texas A&M University  |b College Station  |c Cushing Memorial Library & Archives  |d Cushing: Nicholas Basbanes (Does not check out)  |t 0  |e GV822.M64 W44 1981  |h Library of Congress classification  |i unmediated -- volume 
998 f f |a GV822.M64 W44 1981  |t 0  |l Cushing: Nicholas Basbanes (Does not check out) 
998 f f |a GV822.M64 W44  |t 0  |l Remote Storage